| 000 | 00516ntaaa2200193 4500 | ||
|---|---|---|---|
| 003 | 01 | ||
| 005 | 20251027202252.0 | ||
| 008 | 0714s1973 ag 01 | ||
| 040 |
_aAR-BaBN _bspa _cAR-BaBN _eaacr _dRIC |
||
| 082 | _a270.1000 B23 | ||
| 100 |
_aBardy, G _921068 |
||
| 245 | _aThe church at the end of the first century | ||
| 250 | _a1 ed. | ||
| 260 |
_aLondon : _bSands and Co., _cc1938 |
||
| 300 | _aviii, 163 p | ||
| 650 |
_ahistoria eclesiƔstica -siglo 1 _921069 |
||
| 650 |
_aiglesia primitiva _91875 |
||
| 942 | _cBK | ||
| 999 |
_c17463 _d17463 |
||